01713nam a2200433 i 450000100060000000300080000600500170001400600190003100700150005000800410006503500230010603500240012903500250015303500210017804000310019905000250023008000120025508200180026711000560028524501620034126400450050330000410054833600310058933700330062033800430065350000230069658801250071959001640084465000300100865000280103865000160106665000140108265100460109665100120114265500270115479700190118185600620120099900170126219759FlNmELB20241216213806.0m o d | cr cnu||||||||140901s2013 flu o 001 0 spa d a(MiAaPQ)EBC3219255 a(Au-PeEL)EBL3219255 a(CaPaEBR)ebr10853438 a(OCoLC)992075799 aFINmELBbspaerdacFINmELB 4aHN350.Z13bP430 2013 a323(85)0 a303.609892232 aPerú, Comisión de la verdad y reconciliación.10aComisión de la verdad y reconciliación.ntomo IV,pcapítulo 1 :bla violencia en las regiones /cComisión de la verdad y reconciliación del Perú. 1aMiami :bEl Cid Editor / apuntes,c2013. a1 recurso en línea (498 páginas) atextobtxt2rdacontent/spa acomputadorabc2rdamedia/spa arecurso en líneabcr2rdacarrier/spa aContiene índice. aDescripción basada en recurso en línea; Título de la página del título en PDF (e-libro, visto August 1, 2014). aRecurso electrónico. Santa Fe, Arg.: e-libro, 2015. Disponible vía World Wide Web. El acceso puede estar limitado para las bibliotecas afiliadas a e-libro. 0aPolitical violencezPeru. 0aSocial movementszPeru. 4aPolítica. 4aGobierno. 0aPeruxPolitics and governmenty1978-2004. 4aPerú. 4aLibros electrónicos.2 ae-libro, Corp.40uhttps://elibro.net/ereader/politecnicointernacional/30578 c19759d19759